PHARMACEUTICAL ENGINEERING (Record no. 7458)

MARC details
000 -LEADER
fixed length control field 00447nam a22001697a 4500
005 - DATE AND TIME OF LATEST TRANSACTION
control field 20250905121938.0
008 - FIXED-LENGTH DATA ELEMENTS--GENERAL INFORMATION
fixed length control field 210219b ||||| |||| 00| 0 eng d
020 ## - INTERNATIONAL STANDARD BOOK NUMBER
ISBN 978-93-87788-61-9
041 ## - LANGUAGE CODE
Language code of text/sound track or separate title eng
100 ## - MAIN ENTRY--AUTHOR NAME
Personal name SAMBAMURTHY, K AND KAR, ASHUTOSH
245 ## - TITLE STATEMENT
Title PHARMACEUTICAL ENGINEERING
250 ## - EDITION STATEMENT
Edition statement 2ND ED, 2019
260 ## - PUBLICATION, DISTRIBUTION, ETC. (IMPRINT)
Place of publication NEW DELHI
Name of publisher NEW AGE INTERNATIONAL PVT,LTD.
Year of publication 2019
300 ## - PHYSICAL DESCRIPTION
Number of Pages 540,p
650 ## - SUBJECT ADDED ENTRY--TOPICAL TERM
Topical Term PHARMACY
942 ## - ADDED ENTRY ELEMENTS (KOHA)
Koha item type Books
Holdings
Lost status Damaged status Collection code Home library Current library Shelving location Date acquired Source of acquisition Cost, normal purchase price Accession Number Koha item type
    PHARMACY JRU Library JRU Library Shelf - 26- A 19/02/2021 PURCHES / LBI - 1710 / 11-2-21 399.00 25566 Books
    Reference JRU Library JRU Library SHELF-5-D 19/02/2021 PURCHES / LBI - 1710 / 11-2-21 399.00 25567 Books
    PHARMACY JRU Library JRU Library Shelf - 26- A 19/02/2021 PURCHES / LBI - 1710 / 11-2-21 399.00 25568 Books
    PHARMACY JRU Library JRU Library Shelf - 26- A 19/02/2021 PURCHES / LBI - 1710 / 11-2-21 399.00 25569 Books